Score 0/24 Timer 03:00
0 Plays Today
Clue Word % Correct
◊This has five fingers◊HAND
99.5%
◊This has five toes◊FOOT
97.4%
The outer skin of a treeBARK
97.2%
An object that you readBOOK
97%
Solid, difficult HARD
96.3%
◊This makes up your skeleton◊BONE
96.2%
◊You breathe air through this◊NOSE
95.9%
A type of shoe used for travel in snow or rainBOOT
95.7%
◊Your hair is on top of this◊HEAD
95.5%
Not anyNONE
94.4%
◊Your eyes, mouth, and nose make this◊FACE
93%
A small hole found in the skinPORE
91.9%
Clue Word % Correct
In this place, not that placeHERE
91.5%
Resembles a rabbitHARE
91.5%
A place where masses of ships dockPORT
91.3%
A fortified building or structureFORT
90.8%
Cost for ticket to rideFARE
89.5%
A poet, one who recites epics BARD
89.4%
You can use this to make a necklaceBEAD
89.2%
Synonym of flock, pack, or groupHERD
87.5%
To shape into an angleBEND
86.4%
A connection between people or atomsBOND
85.8%
To present a problemPOSE
84.5%
To obstruct through systematic defamationBORK
83.8%

Today's Daily Dose

Remove Ads.
Support Sporcle.
Get the best of Sporcle when you Go Orange. This ad-free experience offers more features, more stats, and more fun while also helping to support Sporcle. Thank you for becoming a member.

You're not logged in!

Compare scores with friends on all Sporcle quizzes.
OR
Log In

Show Comments

Extras

Top Quizzes Today


Score Distribution

Your Account Isn't Verified!

In order to create a playlist on Sporcle, you need to verify the email address you used during registration. Go to your Sporcle Settings to finish the process.

Report this User

Report this user for behavior that violates our Community Guidelines.

Details: